header

Manageable it projects (Record no. 242410)

MARC details
000 -LEADER
fixed length control field 01177nam a2200301Ia 4500
100 1# - MAIN ENTRY--AUTHOR NAME
Personal name Lachmann, Ole.
245 10 - TITLE STATEMENT
Title Manageable it projects
250 ## - EDITION STATEMENT
Edition statement 1st ed.
260 ## - PUBLICATION, DISTRIBUTION, ETC. (IMPRINT)
Place of publication Gylling, Denmark ;
-- Herndon, VA :
Name of publisher Copenhagen Bus School Press,
Year of publication 2006.
300 ## - PHYSICAL DESCRIPTION
Number of Pages 141 p. :
Other physical details ill.
650 #0 - SUBJECT ADDED ENTRY--TOPICAL TERM
Topical Term Information technology projects
Topical Term Project management.
856 40 - ELECTRONIC LOCATION AND ACCESS
Uniform Resource Identifier http://site.ebrary.com/lib/rucke/Doc?id=10465536

No items available.

© 2026 Rongo University
Contact us: librarian | system librarian | Rongo university